01308nam a2200325 a 4500001001000000003000500010005001700015008004100032010001100073011001100084040000900095090001000104100004100114245013000155260004100285500006000326502010900386590004100495590004000536590004000576590004000616650005000656650005000706856007000756901000700826942001000833942000600843999001900849952011400868000116052CHAP20220329144558.0190902s2019 mx a sm |||||||spa d a112513 a113485 cCHAP aTesis1 aHernández Torres, Bulmaro.913677310aPruebas de infección de Nacobbus Aberrans en plantas de jitomate cv miroma /h[En línea]cpor Bulmaro Hernández Torres. aChapingo, Méx. :bEl autor,c2019. aPara ver el contenido del material haga clic en la liga aTesis (Ing. Agr. Esp. en Parasitología Agrícola) -- UACH. Departamento de Parasitología Agrícola aBATCH-UPDb05c20190902lUCH01h1602 aE8697GMMb05c20190902lUCH01h1044 aE8697GMMb05c20190902lUCH01h1046 aE8697GMMb05c20190902lUCH01h160214aCultivos en invernaderoxEnfermedades.93037814aTomatexEnfermedades por nemátodos.9113714 aFinding aiduhttp://10.13.5.2/tesis/sist116052.pdfzTeclea aquí aBK cTESIS n0 c112513d112513 00102local40718TESISaBCbBCd2019-09-02fTESISl0oTesisp116063-10r2019-12-31 00:00:00w2019-09-02yCD